000 00399nam a2200157Ia 4500
003 GCL
008 140319s9999 xx 000 0 eng d
040 _aGCL /
_cGCL
082 0 4 _a398.2
_bR S
100 1 _aROUX, JEAN-PAUL
245 1 0 _aLE SANG: MYTHES SYMBOLER ET REALITES /
_cROUX, JEAN-PAUL
260 _a[S.N] :
_bFAYARD ،
_c1988
300 _a407 P
650 0 4 _aMYTHOLOGY
942 _2ddc
_cBK
999 _c24332
_d24332